[Event "Polanica Zdroj op-C 58th"]
[Site "Polanica Zdroj"]
[Date "2022.08.21"]
[Round "9"]
[White "Bartczak, Hanna"]
[Black "Krasowski, Slawomir"]
[Result "0-1"]
[WhiteElo "1479"]
[BlackElo "1855"]
[PlyCount "74"]
[EventDate "2022.08.13"]
[EventType "swiss"]
[EventRounds "9"]
[EventCountry "POL"]
[SourceTitle "CBM 210 Extra"]
[Source "ChessBase"]
[SourceDate "2022.11.30"]
[SourceVersion "1"]
[SourceVersionDate "2022.11.30"]
[SourceQuality "1"]

1. d4 Nf6 2. Nc3 d5 3. Bf4 g6 4. e3 Nh5 5. Nf3 Nxf4 6. exf4 c6 7. g3 Bg7 8. Bg2 Bg4 9. 0-0 Bxf3 10. Bxf3 Qb6 11. Ne2 Qxb2 12. Qd3 Qb6 13. Rfb1 Qc7 14. a4 b6 15. Rb3 e6 16. Rab1 0-0 17. c4 Qd6 18. Rc1 Rd8 19. c5 bxc5 20. Rxc5 Nd7 21. Rc1 c5 22. Qb1 c4 23. Rb7 Rab8 24. Rc2 Rxb7 25. Qxb7 Qb8 26. Rb2 Nb6 27. Qxb8 Rxb8 28. a5 Nd7 29. Rxb8+ Nxb8 30. g4 Nc6 31. f5 Nxa5 32. fxe6 fxe6 33. Kf1 Nc6 34. Nf4 Nxd4 35. Bd1 Nc6 36. Bf3 Nd4 37. Bd1 c3 0-1

[Event "Polanica Zdroj op-C 58th"]
[Site "Polanica Zdroj"]
[Date "2022.08.19"]
[Round "7"]
[White "Grubiak, Roman"]
[Black "Krasowski, Slawomir"]
[Result "1-0"]
[WhiteElo "1637"]
[BlackElo "1855"]
[PlyCount "63"]
[EventDate "2022.08.13"]
[EventType "swiss"]
[EventRounds "9"]
[EventCountry "POL"]
[SourceTitle "CBM 210 Extra"]
[Source "ChessBase"]
[SourceDate "2022.11.30"]
[SourceVersion "1"]
[SourceVersionDate "2022.11.30"]
[SourceQuality "1"]

1. d4 Nf6 2. Nf3 g6 3. Nc3 Bg7 4. e4 d6 5. Bf4 0-0 6. Qd2 c6 7. h3 b5 8. Bd3 a6 9. 0-0 Bb7 10. Rfe1 c5 11. d5 b4 12. Nd1 Nbd7 13. c3 a5 14. Bh6 Qb6 15. Bxg7 Kxg7 16. c4 a4 17. e5 dxe5 18. Nxe5 Qd6 19. Nxd7 Nxd7 20. Ne3 Ne5 21. Ng4 Nxd3 22. Qxd3 e6 23. Rad1 exd5 24. cxd5 h5 25. Ne3 Ba6 26. Qc2 Bb5 27. b3 Rfe8 28. Qb2+ Kg8 29. Qd2 axb3 30. axb3 Ra3 31. Nc4 Bxc4 32. Rxe8+ 1-0

[Event "Police Gniota Memorial 32nd"]
[Site "Police"]
[Date "2017.07.10"]
[Round "6"]
[White "Krzywnicka, Maria"]
[Black "Krasowski, Slawomir"]
[Result "1-0"]
[WhiteElo "1856"]
[BlackElo "1916"]
[PlyCount "99"]
[EventDate "2017.07.05"]
[EventType "swiss"]
[EventRounds "9"]
[EventCountry "POL"]
[SourceTitle "EXT 2018"]
[Source "ChessBase"]
[SourceDate "2017.10.13"]
[SourceVersion "1"]
[SourceVersionDate "2017.10.13"]
[SourceQuality "1"]

1. e4 e6 2. Qe2 Nf6 3. Nf3 d5 4. d3 Nc6 5. g3 dxe4 6. dxe4 Nd4 7. Nxd4 Qxd4 8. Bg2 e5 9. c3 Qb6 10. Nd2 Bg4 11. f3 Be6 12. Nf1 0-0-0 13. Be3 Bc5 14. b4 Bxe3 15. Nxe3 Qc6 16. Rc1 Rd6 17. 0-0 Rhd8 18. Nd5 Bxd5 19. exd5 Rxd5 20. c4 Rd2 21. Qxe5 Rxa2 22. Rfd1 Rdd2 23. Rxd2 Rxd2 24. Qe3 Qd6 25. Bh3+ Kb8 26. Re1 a6 27. c5 Qd4 28. Qxd4 Rxd4 29. Re7 Rxb4 30. Rxf7 a5 31. Rxg7 a4 32. Be6 c6 33. Rg5 a3 34. Re5 Nd5 35. Re2 Rb2 36. Rxb2 axb2 37. Bf5 Nc3 38. Bxh7 b1Q+ 39. Bxb1 Nxb1 40. h4 Nd2 41. Kf2 b5 42. cxb6 Nc4 43. h5 Nd6 44. h6 Nf7 45. h7 Kb7 46. g4 Kxb6 47. g5 Nh8 48. f4 Kc7 49. f5 Kd7 50. g6 1-0

[Event "Police Gniota Memorial 32nd"]
[Site "Police"]
[Date "2017.07.09"]
[Round "5"]
[White "Krasowski, Slawomir"]
[Black "Trzeciakiewicz, Michal"]
[Result "0-1"]
[WhiteElo "1916"]
[BlackElo "1755"]
[PlyCount "36"]
[EventDate "2017.07.05"]
[EventType "swiss"]
[EventRounds "9"]
[EventCountry "POL"]
[SourceTitle "EXT 2018"]
[Source "ChessBase"]
[SourceDate "2017.10.13"]
[SourceVersion "1"]
[SourceVersionDate "2017.10.13"]
[SourceQuality "1"]

1. e4 e5 2. Nf3 Nc6 3. d4 exd4 4. Nxd4 Qh4 5. Nxc6 Qxe4+ 6. Qe2 Qxe2+ 7. Bxe2 dxc6 8. 0-0 Bf5 9. Re1 0-0-0 10. c3 Bc5 11. b4 Bb6 12. a4 a5 13. Nd2 axb4 14. cxb4 Bd4 15. Ra3 Nf6 16. Nf3 Rhe8 17. Nxd4 Rxd4 18. b5 Rxe2 0-1

[Event "Police Gniota Memorial 32nd"]
[Site "Police"]
[Date "2017.07.08"]
[Round "4"]
[White "Krasowski, Slawomir"]
[Black "De Smedt, Mark"]
[Result "0-1"]
[WhiteElo "1916"]
[BlackElo "1894"]
[PlyCount "52"]
[EventDate "2017.07.05"]
[EventType "swiss"]
[EventRounds "9"]
[EventCountry "POL"]
[SourceTitle "EXT 2018"]
[Source "ChessBase"]
[SourceDate "2017.10.13"]
[SourceVersion "1"]
[SourceVersionDate "2017.10.13"]
[SourceQuality "1"]

1. e4 e5 2. Nf3 Nc6 3. Bc4 Bc5 4. c3 Nf6 5. d3 0-0 6. 0-0 d6 7. Bg5 h6 8. Bh4 g5 9. Bg3 a6 10. b4 Ba7 11. Nbd2 Qe8 12. h4 g4 13. Ne1 Nh5 14. Kh2 Nxg3 15. fxg3 Kh8 16. Rf6 Kg7 17. Rf1 Ne7 18. Nc2 f5 19. exf5 Bxf5 20. Qe2 Qh5 21. Ne3 Bd7 22. Rxf8 Rxf8 23. Rf1 Rxf1 24. Ndxf1 Nf5 25. Qxg4+ Qxg4 26. Nxg4 h5 0-1

[Event "Jastrzebia Gora Fianchetto op"]
[Site "Jastrzebia Gora"]
[Date "2014.??.??"]
[Round "6"]
[White "Olszewski, Jerzy"]
[Black "Krasowski, Slawomir"]
[Result "0-1"]
[WhiteElo "1721"]
[BlackElo "2005"]
[PlyCount "74"]
[EventDate "2014.08.31"]
[EventType "swiss"]
[EventRounds "9"]
[EventCountry "POL"]
[SourceTitle "CBM 162 Extra"]
[Source "ChessBase"]
[SourceDate "2014.10.17"]
[SourceVersion "1"]
[SourceVersionDate "2014.10.17"]
[SourceQuality "1"]

1. e4 e6 2. g3 c5 3. Bg2 Nc6 4. Ne2 d5 5. exd5 exd5 6. d4 Nf6 7. h3 Be7 8. Bg5 h6 9. Bxf6 Bxf6 10. c3 cxd4 11. cxd4 0-0 12. Nbc3 Be6 13. 0-0 Qd7 14. Kh2 a6 15. Qd2 b5 16. b3 Rac8 17. Rac1 Rfd8 18. Rfd1 Qa7 19. Qe3 Ne7 20. g4 Ng6 21. f4 Nh4 22. Nb1 Nxg2 23. Kxg2 Qe7 24. Qd2 Bd7 25. Ng3 Qd6 26. Nh5 Bh4 27. Ng3 b4 28. Rxc8 Rxc8 29. Rc1 Re8 30. Re1 Rxe1 31. Qxe1 Qxf4 32. Qf2 Qxf2+ 33. Kxf2 f5 34. Kf3 fxg4+ 35. hxg4 Bf6 36. Nf5 Bxf5 37. gxf5 Bxd4 0-1

[Event "Police Gniota Memorial 28th"]
[Site "Police"]
[Date "2013.07.12"]
[Round "3"]
[White "Krasowski, Slawomir"]
[Black "Perske, Thore"]
[Result "0-1"]
[WhiteElo "2012"]
[BlackElo "2158"]
[PlyCount "30"]
[EventDate "2013.07.10"]
[EventType "swiss"]
[EventRounds "9"]
[EventCountry "POL"]
[SourceTitle "CBM 155 Extra"]
[Source "ChessBase"]
[SourceDate "2013.08.26"]
[SourceVersion "1"]
[SourceVersionDate "2013.08.26"]
[SourceQuality "1"]

1. e4 e6 2. d4 d5 3. Nc3 Nf6 4. e5 Nfd7 5. f4 c5 6. Nf3 Nc6 7. Ne2 Qb6 8. c3 f6 9. g3 cxd4 10. cxd4 Bb4+ 11. Nc3 fxe5 12. fxe5 0-0 13. Bh3 Ndxe5 14. Nxe5 Nxe5 15. dxe5 Qf2# 0-1

[Event "Rowy Veterans 14th"]
[Site "Rowy"]
[Date "2008.09.03"]
[Round "5.5"]
[White "Komysheva, Margarita"]
[Black "Krasowski, Slawomir"]
[Result "1-0"]
[WhiteElo "2142"]
[BlackElo "2092"]
[PlyCount "113"]
[EventDate "2008.08.30"]
[EventType "swiss"]
[EventRounds "9"]
[EventCountry "POL"]
[SourceTitle "EXT 2023"]
[Source "ChessBase"]
[SourceDate "2022.10.05"]
[SourceVersion "1"]
[SourceVersionDate "2022.10.05"]
[SourceQuality "1"]

1. e4 e6 2. d4 d5 3. Nd2 c5 4. exd5 Qxd5 5. Ngf3 cxd4 6. Bc4 Qd6 7. 0-0 Nc6 8. Nb3 Nf6 9. Nbxd4 Nxd4 10. Nxd4 a6 11. c3 Be7 12. Qf3 0-0 13. Re1 Qc5 14. Bb3 Rb8 15. Be3 Qc7 16. Bf4 Bd6 17. Bxd6 Qxd6 18. Rad1 Qc7 19. Qe2 Bd7 20. Nf3 Bb5 21. Qe5 Qxe5 22. Nxe5 Rfd8 23. f3 Kf8 24. Kf2 Ke7 25. Ke3 Nd7 26. Nxd7 Rxd7 27. Rxd7+ Bxd7 28. Bc2 Bc6 29. Rd1 h6 30. Be4 Rc8 31. Rd4 f5 32. Bxc6 Rxc6 33. f4 g5 34. g3 Rc7 35. c4 Kf6 36. b3 Re7 37. Rd6 Kg7 38. Kd4 Kf7 39. Rb6 Kf6 40. c5 g4 41. b4 h5 42. a4 Rd7+ 43. Rd6 Rh7 44. b5 axb5 45. axb5 h4 46. c6 bxc6 47. bxc6 hxg3 48. hxg3 Rh1 49. Kc5 Rb1 50. Rd4 Ke7 51. c7 Rc1+ 52. Kb6 Rb1+ 53. Ka7 Ra1+ 54. Kb7 Rb1+ 55. Kc8 Ke8 56. Rd6 Ke7 57. Ra6 1-0

[Event "Ostroda op"]
[Site "Ostroda"]
[Date "2008.08.06"]
[Round "4"]
[White "Krasowski, Slawomir"]
[Black "Budrewicz, Krzysztof"]
[Result "0-1"]
[WhiteElo "2092"]
[BlackElo "2333"]
[PlyCount "62"]
[EventDate "2008.08.04"]
[EventType "swiss"]
[EventRounds "9"]
[EventCountry "POL"]
[SourceTitle "CBM 126 Extra"]
[Source "ChessBase"]
[SourceDate "2008.11.05"]
[SourceVersion "1"]
[SourceVersionDate "2008.11.05"]
[SourceQuality "1"]

1. e4 d5 2. exd5 Nf6 3. Nf3 Nxd5 4. d4 g6 5. c4 Nb6 6. Nc3 Bg7 7. Be3 0-0 8. Qd2 Nc6 9. Rd1 Bg4 10. b3 e5 11. d5 Bxf3 12. gxf3 Nd4 13. Bg2 Re8 14. Bxd4 exd4+ 15. Ne2 Qe7 16. Kf1 Rad8 17. f4 Qf6 18. Qxd4 Qd6 19. Qd2 c6 20. Qc2 cxd5 21. c5 Qc7 22. b4 d4 23. Qb3 Nd7 24. Qd5 d3 25. Qxd3 Nxc5 26. Qc2 Rxd1+ 27. Qxd1 Ne6 28. Qa4 Rd8 29. Bf3 Nxf4 30. Rg1 b5 31. Qb3 Rd3 0-1

[Event "Police Gniota Memorial 23rd"]
[Site "Police"]
[Date "2008.07.12"]
[Round "5"]
[White "Oleniak, Wlodzimierz"]
[Black "Krasowski, Slawomir"]
[Result "1-0"]
[WhiteElo "1890"]
[BlackElo "2092"]
[PlyCount "73"]
[EventDate "2008.07.09"]
[EventType "swiss"]
[EventRounds "9"]
[EventCountry "POL"]
[SourceTitle "CBM 125 Extra"]
[Source "ChessBase"]
[SourceDate "2008.09.01"]
[SourceVersion "1"]
[SourceVersionDate "2008.09.01"]
[SourceQuality "1"]

1. d4 Nf6 2. c4 g6 3. Nc3 d5 4. cxd5 Nxd5 5. e4 Nxc3 6. bxc3 c5 7. d5 Bg7 8. Bd2 0-0 9. Rb1 b6 10. Bd3 e6 11. c4 Re8 12. Ne2 Nd7 13. 0-0 Ne5 14. Bc3 exd5 15. cxd5 Nxd3 16. Qxd3 f5 17. Bxg7 Kxg7 18. f3 Qd6 19. Rbe1 Bb7 20. Nc3 f4 21. Nb5 Qe5 22. Na3 Rad8 23. Rd1 Qe7 24. Rf2 Kh6 25. d6 Qe5 26. Rfd2 Re6 27. Nc4 Qg7 28. g3 Qf8 29. Qb3 fxg3 30. hxg3 Rf6 31. Rf2 Ba6 32. Qe3+ Kg7 33. e5 Re6 34. Nb2 Rdxd6 35. Rxd6 Qxd6 36. exd6 Rxe3 37. d7 1-0

[Event "Police Gniota Memorial 23rd"]
[Site "Police"]
[Date "2008.07.11"]
[Round "3"]
[White "Krasowski, Slawomir"]
[Black "Issel, Oliver"]
[Result "1/2-1/2"]
[WhiteElo "2092"]
[BlackElo "2118"]
[PlyCount "57"]
[EventDate "2008.07.09"]
[EventType "swiss"]
[EventRounds "9"]
[EventCountry "POL"]
[SourceTitle "CBM 125 Extra"]
[Source "ChessBase"]
[SourceDate "2008.09.01"]
[SourceVersion "1"]
[SourceVersionDate "2008.09.01"]
[SourceQuality "1"]

1. e4 e6 2. d4 d5 3. Nd2 g6 4. Ngf3 Nf6 5. e5 Nfd7 6. Nb3 c5 7. c3 Nc6 8. Be2 cxd4 9. cxd4 a5 10. a4 Qb6 11. h4 h6 12. Nh2 Bg7 13. f4 Qd8 14. Nf3 h5 15. Ng5 Ne7 16. Bd3 b6 17. Qe2 Nb8 18. Rh3 Ba6 19. Bb5+ Bxb5 20. Qxb5+ Nd7 21. Rc3 Rc8 22. Nd2 Nf5 23. Ndf3 0-0 24. Bd2 Rxc3 25. Bxc3 Qc7 26. Rc1 Rc8 27. Kf2 Bf8 28. g3 Qc6 29. Qxc6 1/2-1/2

[Event "Brandenburg-ch Seniors 17th"]
[Site "Rowy"]
[Date "2008.06.23"]
[Round "2"]
[White "Fiedler, Wolfgang2222"]
[Black "Krasowski, Slawomir"]
[Result "1-0"]
[WhiteElo "1828"]
[BlackElo "2005"]
[PlyCount "67"]
[EventDate "2008.06.23"]
[EventType "swiss"]
[EventRounds "9"]
[EventCountry "POL"]
[SourceTitle "EXT 2022"]
[Source "ChessBase"]
[SourceDate "2021.10.06"]
[SourceVersion "1"]
[SourceVersionDate "2021.10.06"]
[SourceQuality "1"]

1. e4 e6 2. d3 d5 3. Nd2 b6 4. g3 Bb7 5. Bg2 Nf6 6. e5 Nfd7 7. f4 g5 8. fxg5 Nxe5 9. Qe2 Bg7 10. Nc4 Nbc6 11. Nxe5 Nxe5 12. Nf3 Nc6 13. c3 Qd7 14. Bd2 0-0-0 15. d4 Rde8 16. 0-0-0 Nd8 17. Ne5 Qa4 18. Bf1 Qxa2 19. Rg1 a5 20. Bf4 Qb3 21. Qc2 Qxc2+ 22. Kxc2 h6 23. h4 hxg5 24. hxg5 Rh2+ 25. Rg2 Reh8 26. Rdd2 Rxg2 27. Rxg2 Rg8 28. Rh2 Bxe5 29. Bxe5 Kd7 30. Bf6 Ke8 31. Bd3 Kd7 32. Rh7 Ke8 33. g6 Bc8 34. g7 1-0

[Event "POL-ch Seniors 18th"]
[Site "Rowy"]
[Date "2007.09.14"]
[Round "7.4"]
[White "Kawula, Andrzej"]
[Black "Krasowski, Slawomir"]
[Result "1/2-1/2"]
[WhiteElo "2091"]
[BlackElo "2081"]
[PlyCount "49"]
[EventDate "2007.09.09"]
[EventType "swiss"]
[EventRounds "9"]
[EventCountry "POL"]
[SourceTitle "EXT 2023"]
[Source "ChessBase"]
[SourceDate "2022.10.05"]
[SourceVersion "1"]
[SourceVersionDate "2022.10.05"]
[SourceQuality "1"]

1. c4 Nf6 2. Nc3 d5 3. cxd5 Nxd5 4. e4 Nxc3 5. bxc3 g6 6. d4 Bg7 7. Nf3 c5 8. Bc4 cxd4 9. cxd4 Nc6 10. Be3 b5 11. Bd5 Bd7 12. Rc1 Rc8 13. 0-0 0-0 14. Bxc6 Rxc6 15. Rxc6 Bxc6 16. d5 Ba8 17. Bxa7 f5 18. Ng5 Qd7 19. Bd4 Bxd4 20. Qxd4 fxe4 21. Ne6 Rf6 22. Rd1 Qxd5 23. Qxd5 Bxd5 24. Rxd5 Rxe6 25. Rxb5 1/2-1/2